<The> Rubber tree genome (Record no. 75772)

MARC details
000 -LEADER
fixed length control field 00625nam a22001577a 4500
020 ## - INTERNATIONAL STANDARD BOOK NUMBER
ISBN 978-3-030-42260-8
082 ## - DEWEY DECIMAL CLASSIFICATION NUMBER
Classification number NR:63:575.113 MAT
100 ## - MAIN ENTRY--AUTHOR NAME
Personal name MATSUI, Minami, Ed.
-- CHOW, Keng-See, Ed.
245 ## - TITLE STATEMENT
Title <The> Rubber tree genome
260 ## - PUBLICATION, DISTRIBUTION, ETC. (IMPRINT)
Place of publication Switzerland AG
Name of publisher Springer Nature
Year of publication 2020
300 ## - PHYSICAL DESCRIPTION
Number of Pages 175p.
490 ## - SERIES STATEMENT
Series statement Compendium of Plant Genomes, Edited by Chittaranjan Kole
650 ## - SUBJECT ADDED ENTRY--TOPICAL TERM
Topical Term Reyan 7-33-97 rubber tree genome
-- RRIM 600 rubber tree genome
-- BPM 24 rubber tree genome
-- Molecular markers
-- Rubber biosynthesis genomics
-- Latex physiology
-- HeveaDB
-- Rubber tree genetics hub
942 ## - ADDED ENTRY ELEMENTS (KOHA)
Koha item type Books
Holdings
Withdrawn status Lost status Damaged status Not for loan Home library Current library Date acquired Source of acquisition Full call number Accession Number Koha item type
        RRII Library RRII Library 24/10/2025 Techniz books international, New Delhi, invoice number INT202501254 dtd 10/10/25, Rs 38,407/- NR:63:575.113 MAT 23636 Books